| 000 | 05376cam a22005174i 4500 | ||
|---|---|---|---|
| 003 | PE-LiUPU | ||
| 005 | 20250731165511.0 | ||
| 008 | 180302s2015 ck a r 000 0 spa d | ||
| 020 | _a9789586829847 | ||
| 035 | _a(Sirsi) a241408 | ||
| 040 |
_aPE-LiUPU _bspa _cPE-LiUPU _erda |
||
| 049 | _aPRUA | ||
| 082 | 0 | 4 |
_a005.2762 _bM36 _223 |
| 110 | 2 |
_aMEDIAactive, _eautor. |
|
| 245 | 1 | 0 |
_aAprender JavaScript Avanzado con 100 ejercicios prácticos / _cMEDIAactive. |
| 250 | _aPrimera edición. | ||
| 264 | 1 |
_aBogotá : _bAlfaomega, _c2015. |
|
| 300 |
_a213 páginas : _bilustraciones ; _c24 centímetros. |
||
| 336 |
_atext _2rdacontent |
||
| 337 |
_aunmediated _2rdamedia |
||
| 338 |
_avolume _2rdacarrier |
||
| 490 | 0 | _aAprender-- con 100 ejercicios prácticos | |
| 505 | 0 | _aQué es Javacript -- HTML, CSS y Javacript: la unión perfecta -- HTML: estructuras y etiquetas -- CSS o cómo dar estilo a sus páginas web -- Utilizar el editor de texto adecuado -- Empezar con javascript ¿Qué es un script? -- Utilizar validadores de páginas web -- Añadir scripts a una página web -- Vincular archivos de javascripts externos -- Controlar posibles erroes de javascript -- Controlar posibles erroes de javascript ii -- Descubrir la gramática de Javascript -- Mostrar mensajes utilizando variables -- Usar variables para formular preguntas -- Utilizar una matriz (array) para gestionar listas -- Añadir elementos a una lista -- Eliminar elementos de una matriz -- Añadir y borrar ítems con el comando splice() -- Sustituir elementos en una matriz -- Escribir comentarios para Javascript -- Conocer las sentencias con más de una opción -- Validar la entrada de valores numéricos -- Conocer otros tipos de condiciones -- Anidar sentencias condicionales -- Gestionar sentencias condicionales -- Gestionar tareas repetitivas con bucles -- Repetir pasos con el bucle for -- Empezar a trabajar con funciones -- Crear un cuestionario con variables y funciones -- Crear un cuestionario con variables y funciones II -- Mostrar los resultados del cuestionario -- Recabar información del navegador del usuario -- Trabajar con números -- Jugar con elementos aleatorios -- Programar la fecha actual -- Programar el formato de la fecha actual -- Mostrar la fecha actual de la página -- Mostrar la hora actual -- Gestionar minutos y segundos -- Editar el formato de la hora -- Calcular días transcurridos entre dos fechas -- Trabajar con identificadores (Id) -- Conocer las bibliotecas de Javascript: jquery -- Combinar jquery con CSS (i) -- Combinar jquery con CSS (ii) -- Utilizar Jquery para enfatizar textos -- Combinar jquery y HTML para enfatizar textos -- Conocer los eventos en Javascript -- Aplicar formato a una tabla con CSS y Javascript -- Practiar con el evento de ratón mouseover -- Mostrar y ocultar ítems con el evento hover() -- Aplicar un rollover sobre un texto -- Aplicar efectos de jQuery -- Animar las propiedades CSS de un elemento -- Asignar efectos a una galería de imágenes -- Asignar efectos a una galería (II) -- Editar la galeria de imagenes -- Mostrar imagenes en una ventana flotante -- Editar imágenes en una ventana flotante -- Crear un pase de imágenes automático -- Ajustar transiciones entre imágenes -- Añadir controles en el pase de imágenes -- Añadir otros controles en el pase de imágenes -- Abrír vínculos en una ventana nueva -- Abrír vínculos en una ventana flotante -- Crear bloques de elementos vinculables -- Crear una barra de navegación -- Empezar a trabajar con formularios -- Habilitar y deshabilitar campos -- Ocultar campos de un formulario -- Validar un formulario -- Añadir reglas de validación -- Crear reglas de validación especiales -- Controlar el número de caracteres -- Contrlar la posiión de los mensajes de error -- Dar formato a los mensajes de error -- Crear paneles de tipo acordeón -- Crear paneles con pestañas -- Crear un campo de fecha en un formulario -- Crear etiquetas emergentes -- Crear tooltips contooltipster -- Insertar una imagen en una etiqueta -- Cambiar el aspecto de las etiquetas -- Asignar interactividad en una tabla -- Formatear la tabla interactiva -- Trabajar con Ajax: primeras nociones -- Ordenar en pestañas una lista de vínculos -- Añadir google maps en una página web -- Depurar la programación con Firebug -- Utilizar la función console.log para depurar -- Solventar errores tras la depuración -- Agilizar el rendimiento de Javascript -- Comprimir archivos .js con YUI compressor. | |
| 526 | _aSEG44 | ||
| 526 | _aSEG26 | ||
| 526 | _aP151 | ||
| 526 | _aP150 | ||
| 526 | _aP149 | ||
| 526 | _aP146 | ||
| 526 | _aP145 | ||
| 526 | _aP126 | ||
| 526 | _aP125 | ||
| 526 | _aP92 | ||
| 526 | _aP75 | ||
| 526 | _aP74 | ||
| 526 | _aP27 | ||
| 526 | _aP15 | ||
| 541 | _g001-0042353; | ||
| 650 | 1 | 4 | _aJavaScript (Computer program language). |
| 650 | 2 | 4 |
_aProgramación de computadoras _vProblemas, ejercicios, etc. |
| 910 |
_adbm _bncf _cncf _d20180302 |
||
| 942 |
_2ddc _cBOOK |
||
| 994 |
_aC0 _bPEPRU |
||
| 596 | _a1 | ||
| 999 |
_a005.2762 M36 _wDEWEY _c27046 _i78308 _d27046 _e2022-5-26 _f2021-11-9 _g4 _kCHECKEDOUT _lCCODEBUL1 _mBUL _n10 _p28.83 _rM _sY _tBOOK _u2018-3-2 _xINGENIERIA _PP27 _0COMPRA _o.STAFF. Colección Ingeniería y Arquitectura |
||
| 980 |
_81 _gALBERTO SANCHEZ Responsable de Automatización |
||